Movies Quiz

Random Movies or Director Quiz

Gus Van Sant Movies Quiz Stats

 Plays Quiz Updated Mar 12, 2020

     
Support Sporcle.
Go Orange.
Score 0/18 Timer 05:00
1 Play Today
Year Movie % Correct
1997Good Will Hunting
75%
2003Elephant
65.4%
2008Milk
58.3%
1991My Own Private Idaho
48.6%
1998Psycho
36.5%
1989Drugstore Cowboy
35.6%
2005Last Days
33.5%
2002Gerry
33.1%
2000Finding Forrester
29.5%
Year Movie % Correct
2012Promised Land
29.1%
2019Don't Worry, He Won't Get Far On Foot
28.3%
2007Paranoid Park
27.5%
2015The Sea of Trees
26.7%
1995To Die For
22.8%
1993Even Cowgirls Get the Blues
20.4%
1985Mala Noche
16.1%
2012My Own Private River
15.1%
2011 Restless
8.5%

From the Vault

Famous Poems' Last Lines

by adams627

That way you'll know when they end.
Remove Ads.
Support Sporcle.
Get the best of Sporcle when you Go Orange. This ad-free experience offers more features, more stats, and more fun while also helping to support Sporcle. Thank you for becoming a member.

Show Comments

Extras

Top Quizzes Today


Score Distribution

Your Account Isn't Verified!

In order to create a playlist on Sporcle, you need to verify the email address you used during registration. Go to your Sporcle Settings to finish the process.

Report this User

Report this user for behavior that violates our Community Guidelines.

Details: